Cell Biology, Genetics, Moleculer Biology, Evolution and Ecology/ (Record no. 204279)
[ view plain ]
| 000 -LEADER | |
|---|---|
| fixed length control field | 00647nam a2200205 4500 |
| 005 - DATE AND TIME OF LATEST TRANSACTION | |
| control field | 20240722170043.0 |
| 010 ## - LCCN (DPL NO) | |
| LC control number | ENG-140930 |
| 020 ## - INTERNATIONAL STANDARD BOOK NUMBER | |
| International Standard Book Number | 9789355010919 |
| Terms of availability | 1499.00 |
| 035 ## - SYSTEM CONTROL NUMBER | |
| System control number | EN-124462 |
| 037 ## - SOURCE OF ACQUISITION | |
| Source of stock number/acquisition | DBAD |
| 082 ## - DEWEY DECIMAL CLASSIFICATION NUMBER | |
| Classification number | 574.87 |
| Edition number | 14 |
| 100 ## - MAIN ENTRY--PERSONAL NAME | |
| Personal name | Verma, PS |
| 245 ## - TITLE STATEMENT | |
| Title | Cell Biology, Genetics, Moleculer Biology, Evolution and Ecology/ |
| Statement of responsibility, etc | By PS Verma [and] VK Agarwal |
| 250 ## - EDITION STATEMENT | |
| Edition statement | 14 |
| 260 ## - PUBLICATION, DISTRIBUTION, ETC. (IMPRINT) | |
| Place of publication, distribution, etc | New Delhi |
| Name of publisher, distributor, etc | S Chand And Company Limited |
| Date of publication, distribution, etc | 2022 |
| 270 ## - ADDRESS | |
| Address | 7361, Ram Nagar, Qutab Road |
| City | New Delhi |
| Postal code | 110055 |
| 300 ## - PHYSICAL DESCRIPTION | |
| Extent | vpp. |
| Other physical details | Index |
| Dimensions | 25cm(pbk) |
| 700 ## - ADDED ENTRY--PERSONAL NAME | |
| Personal name | Agarwal, VK |
| 9 (RLIN) | 68724 |
| 942 ## - ADDED ENTRY ELEMENTS (KOHA) | |
| Source of classification or shelving scheme | Dewey Decimal Classification |
| Item type | English Books |
| Classification part | 574.87 |
| Call number suffix | VER |
| Withdrawn status | Lost status | Not for loan | Collection code | Home library | Current library | Date acquired | Source of acquisition | Cost, normal purchase price | Full call number | Barcode | Copy number | Cost, replacement price | Koha item type |
|---|---|---|---|---|---|---|---|---|---|---|---|---|---|
| Non-fiction | Narela | Narela | 22/07/2024 | DBAD | 1499.00 | 574.87 VER | EN-124462 | 1 | 1499.00 | English Books |
